Loading...
| History - European History | 0 | 7 | 0 | 1 | 70 | 85 | 107.57 | 0 | 0 |
| Religion | 0 | 3 | 0 | 0 | 30 | 50 | 88.33 | 0 | 1 |
| Current Events | 0 | 3 | 0 | 0 | 30 | 78 | 86.00 | 0 | 0 |
| Other Academic | 0 | 2 | 0 | 0 | 20 | 88 | 108.00 | 0 | 1 |
| History - World History | 0 | 3 | 2 | 0 | 20 | 62 | 79.33 | 0 | 0 |
| History - American History | 0 | 3 | 3 | 0 | 15 | 83 | 97.67 | 0 | 0 |
| Any History | 0 | 2 | 1 | 0 | 15 | 112 | 125.00 | 0 | 0 |
| Literature - European Literature | 0 | 1 | 0 | 1 | 10 | 151 | 151.00 | 0 | 0 |
| Geography | 0 | 1 | 0 | 0 | 10 | 85 | 85.00 | 0 | 1 |
| Literature - World Literature | 0 | 1 | 0 | 0 | 10 | 103 | 103.00 | 0 | 0 |
| Painting & Sculpture | 0 | 1 | 0 | 1 | 10 | 154 | 154.00 | 0 | 0 |
| Science - Other Science | 0 | 1 | 0 | 0 | 10 | 117 | 117.00 | 0 | 0 |
| Social Science | 0 | 1 | 1 | 0 | 5 | 89 | 89.00 | 0 | 0 |
| Science - Physics | 0 | 0 | 0 | 0 | 0 | 0.00 | 0 | 0 | |
| Mythology | 0 | 0 | 0 | 0 | 0 | 0.00 | 0 | 0 | |
| Fine Arts - Classical Music | 0 | 0 | 1 | 0 | -5 | 0.00 | 0 | 0 | |
| Literature - American Literature | 0 | 0 | 1 | 0 | -5 | 0.00 | 0 | 0 |